Qui a réalisé ces films de genre ? - Statistiques

Statistiques générales
  • Ce quiz a été pris 1 064 fois
  • Le résultat moyen est 14 sur 45
Statistiques - réponses
Film Réal % Correct
Shining Stanley Kubrick
91%
Psychose Alfred Hitchcock
90%
Halloween John Carpenter
75%
Scream Wes Craven
66%
Conjuring James Wan
60%
Jusqu'en Enfer Sam Raimi
55%
La Colline a des Yeux (2006) Alexandre Aja
54%
Rosemary's Baby Roman Polanski
51%
Carrie Brian De Palma
50%
28 Jours plus Tard Danny Boyle
48%
Suspiria Dario Argento
47%
Grave Julia Ducournau
46%
The Devils Reject Rob Zombie
46%
L'Exorciste William Friedkin
45%
Braindead Peter Jackson
42%
Hostel Eli Roth
40%
Massacre à la tronçonneuse (Original) Tobe Hooper
36%
L'Armée des Morts (2004) Zack Snyder
33%
Les Autres Alejandro Amenabar
29%
Silent Hill Christophe Gans
28%
Sheitan Kim Chapiron
24%
Martyrs Pascal Laugier
23%
Frontières Xavier Gens
22%
L'Echelle de Jacob Adrian Lyne
20%
Paranormal Activity Oren Peli
19%
L'Orphelinat Juan Antonio Bayona
18%
Dark Water (2002) Hideo Nakata
16%
Sinister Scott Derickson
16%
Audition Takashi Miike
16%
Evil Dead (2013) Fede Alvarez
15%
Hellraiser 1 Clive Barker
14%
Les Yeux Sans Visage Georges Franju
14%
The Descent Neil Marshall
14%
Ça (2017) Andy Muschietti
13%
2 Soeurs Kim Jee-Woon
13%
Cannibal Holocaust Ruggero Deodato
12%
The Grudge Takashi Shimizu
12%
Morse (2008) Tomas Alfredson
11%
Trouble Every Day Claire Denis
10%
Black Christmas Bob Clark
9%
Calvaire Fabrice du Welz
9%
Sorgoi Prakov Rafael Cherkaski
9%
Revenge Coralie Fargeat
8%
Eden Lake James Watkins
8%
28 Semaines plus Tard (pas facile ça) Juan Carlos Fresnadillo
8%
Aucun quiz correspondant
Distribution des résultats
% des personnes avec chaque résultat
Percentile par nombre de réponses
Votre historique - résultats
Vous n’avez pas pris ce quiz